[Event "104th ch-GBR 2017"]
[Site "Llandudno WLS"]
[Date "2017.08.02"]
[Round "5.23"]
[White "Coleman, David J"]
[Black "Claridge-Hansen, William"]
[Result "0-1"]
[WhiteTitle "CM"]
[BlackTitle "FM"]
[WhiteElo "2135"]
[BlackElo "2267"]
[WhiteFideId "402087"]
[BlackFideId "422509"]
[EventDate "2017.07.29"]

1. e4 c5 2. Nf3 g6 3. d4 cxd4 4. Nxd4 Bg7 5. Nc3 Nc6 6. Be3 Nf6 7. Bc4 Qa5 8.
O-O O-O 9. Bb3 d6 10. h3 Bd7 11. Re1 Rfc8 12. Qd2 Ne5 13. Bh6 Nc4 14. Bxc4 Rxc4
15. Bxg7 Kxg7 16. Nb3 Qh5 17. Re3 Rac8 18. Rae1 Qe5 19. Nc1 b5 20. a3 a5 21. Nd3
Qd4 22. e5 dxe5 23. Rxe5 b4 24. axb4 axb4 25. Ne2 Qd6 26. Rc1 Bf5 27. Re3 Ne4
28. Qe1 Rxc2 29. Nxb4 Rxc1 30. Nxc1 Rxc1 31. Qxc1 Qxb4 32. g4 Be6 33. Qe1 Nd2
34. Qe2 Qxb2 35. Rd3 Qa1+ 36. Kg2 Nc4 37. f3 Nb6 38. Rd1 Qf6 39. Rd8 Nd5 40. Qd2
Qe5 41. h4 Nf4+ 42. Kf2 Nd5 43. Kg2 f6 44. Qc1 h5 45. gxh5 Nf4+ 46. Kf2 Qe2+ 0-1

[Event "104th ch-GBR 2017"]
[Site "Llandudno WLS"]
[Date "2017.08.02"]
[Round "5.24"]
[White "Lam, Paul G M"]
[Black "Toma, Katarzyna"]
[Result "0-1"]
[BlackTitle "WGM"]
[WhiteElo "2111"]
[BlackElo "2252"]
[WhiteFideId "411566"]
[BlackFideId "1119907"]
[EventDate "2017.07.29"]

1. Nc3 e5 2. Nf3 d6 3. d4 Nd7 4. g3 Ngf6 5. dxe5 dxe5 6. Bg2 c6 7. O-O a5 8. b3
Bb4 9. Bb2 O-O 10. a3 Be7 11. e4 Qc7 12. h3 Re8 13. Nh4 Bf8 14. f4 b5 15. Ne2
exf4 16. Nxf4 Nxe4 17. Nf5 Ndf6 18. Bxe4 Nxe4 19. Nh5 Bxf5 20. Rxf5 Nxg3 21.
Nf6+ Kh8 22. Nxe8 Rxe8 23. Rf2 Bc5 24. Bd4 Bxd4 25. Qxd4 Ne2+ 26. Rxe2 Rxe2 27.
Kf1 Rh2 28. Qe4 Qd7 29. Kg1 Rxh3 30. Re1 h6 31. a4 Qd2 32. Re2 Qc1+ 33. Re1 Qg5+
34. Kf1 Rh2 35. Qe8+ Kh7 36. Qe4+ f5 37. Qf3 Rxc2 38. axb5 cxb5 39. b4 Rc4 0-1

[Event "104th ch-GBR 2017"]
[Site "Llandudno WLS"]
[Date "2017.08.02"]
[Round "5.25"]
[White "Golding, Alex"]
[Black "Stewart, Ashley"]
[Result "1-0"]
[WhiteElo "2222"]
[BlackElo "2111"]
[WhiteFideId "427241"]
[BlackFideId "419001"]
[EventDate "2017.07.29"]

1. d4 Nf6 2. Bg5 d5 3. Bxf6 exf6 4. e3 c6 5. c4 dxc4 6. Bxc4 Bd6 7. Nc3 f5 8.
Qh5 O-O 9. Nf3 Qf6 10. O-O g6 11. Qh6 Qg7 12. Qh4 Nd7 13. Rfd1 Nb6 14. Bb3 Be6
15. e4 Rae8 16. d5 cxd5 17. Bxd5 Nxd5 18. exd5 Bd7 19. a4 a6 20. Nd2 Be5 21. Qb4
Rb8 22. Nc4 Bxc3 23. Qxc3 b5 24. Qxg7+ Kxg7 25. Ne5 Rfd8 26. a5 Rbc8 27. Rac1
Rxc1 28. Rxc1 f4 29. f3 Be8 30. Rc5 Kf6 31. Nd3 g5 32. Kf1 Rd6 33. Ke2 Bd7 34.
Kd2 Kf5 35. Kc3 h5 36. Kd4 g4 37. Nf2 gxf3 38. gxf3 Rg6 39. Ne4 Rg1 40. d6+ Kg6
41. Rc7 Bf5 42. Ke5 Rd1 43. Rc6 Bxe4 44. Kxe4 Kf6 45. Rxa6 Ke6 46. Rb6 f5+ 47.
Kxf4 Rd4+ 48. Kg5 Rb4 49. h4 Rxb2 50. Kxh5 b4 51. Kg6 b3 52. h5 Rb1 53. h6 b2
54. Kh7 f4 55. a6 Ra1 56. Rxb2 Rxa6 57. Rd2 Kd7 58. Kg7 Ra1 59. Rh2 1-0

[Event "104th ch-GBR 2017"]
[Site "Llandudno WLS"]
[Date "2017.08.02"]
[Round "5.26"]
[White "Storey, Charles H"]
[Black "Willow, Jonah B"]
[Result "1-0"]
[WhiteTitle "FM"]
[WhiteElo "2214"]
[BlackElo "2077"]
[WhiteFideId "406686"]
[BlackFideId "438804"]
[EventDate "2017.07.29"]

1. e4 c5 2. Nf3 e6 3. d4 cxd4 4. Nxd4 Nc6 5. Nc3 Qc7 6. Be3 Nf6 7. Qd2 Nxd4 8.
Bxd4 e5 9. Be3 Bc5 10. Nb5 Qb6 11. Bxc5 Qxc5 12. Nd6+ Ke7 13. O-O-O h6 14. Bc4
Rf8 15. b4 Qb6 16. f4 Qc7 17. fxe5 Nxe4 18. Nxe4 Qxc4 19. Qd6+ Ke8 20. Nf6+ 1-0

[Event "104th ch-GBR 2017"]
[Site "Llandudno WLS"]
[Date "2017.08.02"]
[Round "5.27"]
[White "Fathallah, Joe"]
[Black "Willmoth, Robert F"]
[Result "0-1"]
[BlackTitle "CM"]
[WhiteElo "1919"]
[BlackElo "2211"]
[WhiteFideId "1801899"]
[BlackFideId "402540"]
[EventDate "2017.07.29"]

1. d4 d6 2. e4 Nf6 3. f3 Nbd7 4. Be3 e5 5. d5 Be7 6. c4 c6 7. Nc3 cxd5 8. cxd5
O-O 9. Nge2 Ne8 10. Qd2 g6 11. O-O-O Ng7 12. g4 f5 13. gxf5 gxf5 14. Kb1 f4 15.
Bf2 Nb6 16. Nc1 Bd7 17. h4 Nh5 18. Bh3 Bxh3 19. Rxh3 Kh8 20. Nb3 Rg8 21. Rh2 Rg7
22. Rc1 Qd7 23. Qd3 Bd8 24. Qb5 Qe7 25. Na4 Qd7 26. Nc3 Rc8 27. Qxd7 Rxd7 28.
Rg2 a6 29. Rcg1 Nf6 30. h5 Nc4 31. Nd1 Rf7 32. Bh4 Bb6 33. Bxf6+ Rxf6 34. Rh1
Rg8 35. Rhh2 Ne3 36. Rxg8+ Kxg8 37. Nf2 Rf7 38. Nd2 Rg7 39. a3 Rg1+ 40. Ka2 Nf1
41. Nxf1 Rxf1 42. Ng4 Rxf3 43. Nf6+ Kf7 44. Ng4 Kg7 45. Rh4 Rg3 46. Nh2 f3 47.
Nf1 Rg1 0-1

[Event "104th ch-GBR 2017"]
[Site "Llandudno WLS"]
[Date "2017.08.02"]
[Round "5.29"]
[White "Horton, Jamie A"]
[Black "Willson, Ollie"]
[Result "1-0"]
[WhiteElo "2178"]
[BlackElo "2032"]
[WhiteFideId "421472"]
[BlackFideId "424714"]
[EventDate "2017.07.29"]

1. d4 Nf6 2. c4 e6 3. Nc3 Bb4 4. Qc2 d5 5. cxd5 exd5 6. Bg5 h6 7. Bh4 O-O 8. e3
Be6 9. Bd3 Nbd7 10. Ne2 c5 11. O-O Rc8 12. dxc5 Nxc5 13. Rfd1 g5 14. Bg3 Nce4
15. Bxe4 Nxe4 16. Be5 Nxc3 17. Nxc3 Bxc3 18. Bxc3 Qb6 19. Qe2 Rc4 20. Bd4 Qc6
21. Qf3 f5 22. h4 g4 23. Qf4 Kh7 24. Qe5 Qd7 25. b3 Rc6 26. Rac1 Rfc8 27. Rxc6
bxc6 28. Rc1 Qe7 29. h5 Rc7 30. Qh8# 1-0

[Event "104th ch-GBR 2017"]
[Site "Llandudno WLS"]
[Date "2017.08.02"]
[Round "5.30"]
[White "Jones, Steven A"]
[Black "Jina, Taran"]
[Result "0-1"]
[WhiteElo "2171"]
[BlackElo "1777"]
[WhiteFideId "419630"]
[BlackFideId "426369"]
[EventDate "2017.07.29"]

1. e4 e6 2. d4 d5 3. Nc3 Bb4 4. e5 c5 5. a3 Bxc3+ 6. bxc3 Ne7 7. Qg4 Qc7 8. Qxg7
Rg8 9. Qxh7 cxd4 10. Ne2 Nbc6 11. f4 Bd7 12. Qd3 dxc3 13. Qxc3 Nf5 14. Rb1 O-O-O
15. Rg1 d4 16. Qd3 Na5 17. g4 Ba4 18. gxf5 Bxc2 19. Qb5 Bxb1 20. Rxg8 Rxg8 21.
Qxb1 Qc4 22. fxe6 fxe6 23. Bd2 Nb3 24. Ng3 Rxg3 25. Qh7 Rg1 26. Qg8+ Rxg8 27.
Bxc4 Nc5 28. Bb4 Rg1+ 29. Kf2 Rc1 30. Bxc5 Rxc4 31. Bb4 b6 32. h4 Kd7 33. h5 Ke8
34. Kf3 a5 35. Bd6 Kf7 36. Ke4 b5 37. h6 Kg6 38. Bf8 Rc8 0-1

[Event "104th ch-GBR 2017"]
[Site "Llandudno WLS"]
[Date "2017.08.02"]
[Round "5.31"]
[White "Pleasants, Allan J"]
[Black "Gayson, Peter M"]
[Result "1/2-1/2"]
[WhiteElo "2103"]
[BlackElo "2160"]
[WhiteFideId "411337"]
[BlackFideId "401838"]
[EventDate "2017.07.29"]

1. e4 c5 2. Nf3 e6 3. g3 d5 4. exd5 exd5 5. d4 Nf6 6. Bg2 Be7 7. O-O O-O 8. Nc3
Nc6 9. h3 h6 10. Be3 b6 11. Re1 Re8 12. Ne5 Bb7 13. Nxc6 Bxc6 14. Qd2 Qd7 15.
Rad1 1/2-1/2

[Event "104th ch-GBR 2017"]
[Site "Llandudno WLS"]
[Date "2017.08.02"]
[Round "5.32"]
[White "Okhai, Shabir"]
[Black "Trent, Lawrence"]
[Result "0-1"]
[BlackTitle "IM"]
[WhiteElo "2111"]
[BlackElo "2445"]
[WhiteFideId "445134"]
[BlackFideId "408638"]
[EventDate "2017.07.29"]

1. e4 c5 2. Nf3 Nc6 3. Bb5 Nf6 4. Nc3 Qc7 5. O-O Nd4 6. Re1 a6 7. Bf1 Ng4 8. g3
Nxf3+ 9. Qxf3 Ne5 10. Qg2 e6 11. d3 d6 12. f4 Nc6 13. Qf2 Be7 14. Bg2 O-O 15.
Nd1 b5 16. b3 a5 17. Bb2 a4 18. Ne3 axb3 19. axb3 Rxa1 20. Rxa1 Bb7 21. f5 Nd4
22. Kh1 Bg5 23. Bc1 Ra8 24. Rxa8+ Bxa8 25. h4 Bd8 26. Bb2 Bb7 27. Bh3 Qe7 28.
Ng2 d5 29. Bxd4 cxd4 30. fxe6 dxe4 31. exf7+ Kf8 32. dxe4 Qxe4 33. Qf5 Bc7 34.
Qc5+ Qe7 35. Qxe7+ Kxe7 36. Bf5 g6 37. Bd3 Bxg3 38. Bxb5 Bxh4 39. Bc4 Bg3 40.
Kg1 Be4 41. Bd3 Bxd3 42. cxd3 h5 43. Kf1 h4 44. Ne1 Bxe1 45. Kxe1 Kxf7 0-1

[Event "104th ch-GBR 2017"]
[Site "Llandudno WLS"]
[Date "2017.08.02"]
[Round "5.33"]
[White "Taylor, Adam A"]
[Black "Kalaiyalahan, Akshaya"]
[Result "1-0"]
[BlackTitle "FM"]
[WhiteElo "2165"]
[BlackElo "2127"]
[WhiteFideId "415790"]
[BlackFideId "422894"]
[EventDate "2017.07.29"]

1. Nf3 Nf6 2. g3 g6 3. Bg2 Bg7 4. O-O O-O 5. d4 d6 6. a4 c6 7. a5 Qc7 8. Nbd2 d5
9. c4 Bf5 10. Nh4 Bg4 11. h3 Be6 12. cxd5 Nxd5 13. e4 Nb4 14. Nhf3 N8a6 15. Ng5
Bd7 16. Nc4 h6 17. Nf3 Be6 18. Qe2 Rad8 19. Rd1 Qc8 20. Kh2 Nc7 21. Be3 Nb5 22.
Nce5 Bb3 23. Rdc1 Qb8 24. Bf4 Qa8 25. Qe3 Be6 26. Bxh6 Na2 27. Bxg7 Kxg7 28. Rd1
Nb4 29. Ng5 Bc8 30. Qb3 f6 31. Qxb4 Nd6 32. Ngf3 fxe5 33. dxe5 Bxh3 34. exd6
exd6 35. Qc3+ 1-0

[Event "104th ch-GBR 2017"]
[Site "Llandudno WLS"]
[Date "2017.08.02"]
[Round "5.34"]
[White "Abrahams, Daniel"]
[Black "Maroroa, Sue"]
[Result "1/2-1/2"]
[BlackTitle "WIM"]
[WhiteElo "2162"]
[BlackElo "2116"]
[WhiteFideId "2606879"]
[BlackFideId "4301498"]
[EventDate "2017.07.29"]

1. c4 Nf6 2. Nc3 g6 3. g3 Bg7 4. Bg2 d6 5. Rb1 O-O 6. b4 a6 7. Nf3 e5 8. d3 Nc6
9. Bg5 h6 10. Bxf6 Bxf6 11. a4 Be6 12. Nd2 Rb8 13. O-O Qd7 14. Nd5 Bg7 15. b5
axb5 16. axb5 Ne7 17. Ra1 Bxd5 18. cxd5 Qxb5 19. Qc2 Qd7 20. Rfc1 e4 21. Ra5
exd3 22. Qxd3 Ra8 23. Qb5 c6 24. dxc6 bxc6 25. Bxc6 Nxc6 26. Rxa8 Rxa8 27. Qxc6
Qxc6 28. Rxc6 d5 29. e3 d4 30. exd4 1/2-1/2

[Event "104th ch-GBR 2017"]
[Site "Llandudno WLS"]
[Date "2017.08.02"]
[Round "5.35"]
[White "Jackson, Sheila"]
[Black "Gallagher, Daniel GH"]
[Result "1/2-1/2"]
[WhiteTitle "WGM"]
[WhiteElo "2125"]
[BlackElo "2147"]
[WhiteFideId "402508"]
[BlackFideId "436550"]
[EventDate "2017.07.29"]

1. e4 e5 2. Nf3 Nc6 3. Nc3 g6 4. d4 exd4 5. Nxd4 Bg7 6. Be3 Nf6 7. Nxc6 bxc6 8.
e5 Nd5 9. Nxd5 cxd5 10. Qxd5 Rb8 11. O-O-O O-O 12. f4 d6 13. c3 Bg4 14. Rd2 Qe7
15. Bc4 Rfd8 16. exd6 Rxd6 17. Qc5 Bxc3 18. Rxd6 cxd6 19. Qxa7 Rb7 20. Qa8+ Kg7
21. Qxb7 Qxb7 22. bxc3 Bf5 23. Bd4+ f6 24. Rg1 Qb1+ 25. Kd2 Qc2+ 26. Ke3 Qe4+
27. Kd2 Qxf4+ 28. Ke1 Qc1+ 29. Kf2 Qd2+ 30. Kg3 Be4 31. h4 d5 32. Bb3 h5 33. a4
g5 34. hxg5 h4+ 35. Kxh4 Qxg5+ 36. Kh3 Kf7 37. g4 f5 38. gxf5 Bxf5+ 39. Kh2 Qh4+
40. Kg2 Be4+ 41. Kf1 Qf4+ 42. Ke2 Bf3+ 43. Ke1 Qh2 44. Bd1 Qh4+ 45. Kd2 Qf4+ 46.
Kc2 Be4+ 47. Kb3 Bd3 48. a5 Bc4+ 49. Kb4 Qd6+ 50. Bc5 Qh2 51. Bd4 Qb2+ 52. Kc5
Qa3+ 53. Kc6 Qxa5 54. Bh5+ Ke6 55. Bg4+ Kf7 56. Bh5+ Ke6 57. Bg4+ 1/2-1/2

[Event "104th ch-GBR 2017"]
[Site "Llandudno WLS"]
[Date "2017.08.02"]
[Round "5.36"]
[White "Richardson, Alex"]
[Black "Brozel, Sacha"]
[Result "1/2-1/2"]
[WhiteElo "2147"]
[BlackElo "2097"]
[WhiteFideId "408239"]
[BlackFideId "429317"]
[EventDate "2017.07.29"]

1. c4 c5 2. Nc3 Nc6 3. g3 g6 4. Bg2 Bg7 5. d3 e6 6. e4 Nge7 7. Nge2 a6 8. a3 Rb8
9. Rb1 b5 10. cxb5 axb5 11. b4 cxb4 12. axb4 d5 13. exd5 exd5 14. Bf4 Rb7 15.
Qd2 Bf5 16. O-O O-O 17. h3 h5 18. Rfd1 Qd7 19. Kh2 Rc8 20. Bg5 Qd6 21. Rdc1 Kh7
22. Bxe7 1/2-1/2

[Event "104th ch-GBR 2017"]
[Site "Llandudno WLS"]
[Date "2017.08.02"]
[Round "5.37"]
[White "Anilkumar, Anantha P"]
[Black "Smith, Andrew Philip"]
[Result "0-1"]
[BlackTitle "FM"]
[WhiteElo "1932"]
[BlackElo "2146"]
[WhiteFideId "424730"]
[BlackFideId "2500833"]
[EventDate "2017.07.29"]

1. d4 Nf6 2. c4 c5 3. d5 g6 4. Nc3 Bg7 5. e4 d6 6. Nge2 O-O 7. Ng3 e6 8. Be2
exd5 9. cxd5 a6 10. O-O Nbd7 11. a4 Rb8 12. Bg5 h6 13. Be3 Ne8 14. Qd2 h5 15.
Bh6 h4 16. Nh1 Bxh6 17. Qxh6 Qf6 18. f4 b5 19. axb5 axb5 20. Nf2 b4 21. Ncd1 Qd4
22. Rc1 Qd2 0-1

[Event "104th ch-GBR 2017"]
[Site "Llandudno WLS"]
[Date "2017.08.02"]
[Round "5.38"]
[White "Brewer, Callum D"]
[Black "Ogunshola, Ben"]
[Result "0-1"]
[WhiteElo "2015"]
[BlackElo "2133"]
[WhiteFideId "435309"]
[BlackFideId "8500231"]
[EventDate "2017.07.29"]

1. e4 d6 2. d4 g6 3. Nc3 Bg7 4. Be3 a6 5. Qd2 Nd7 6. Nf3 b5 7. Bd3 Bb7 8. h3
Ngf6 9. e5 b4 10. exf6 bxc3 11. Qxc3 Nxf6 12. Qd2 O-O 13. Bh6 e5 14. Bxg7 Kxg7
15. dxe5 dxe5 16. Nxe5 Bxg2 17. Rh2 Qd4 18. O-O-O Qxe5 19. Rxg2 Qd5 20. Rdg1
Qxa2 21. Qc3 Rab8 22. b3 a5 23. Kd2 Qa3 24. Ra1 Qd6 25. Rxa5 Qf4+ 26. Kd1 Qf3+
27. Kd2 Qxg2 0-1

[Event "104th ch-GBR 2017"]
[Site "Llandudno WLS"]
[Date "2017.08.02"]
[Round "5.39"]
[White "Coathup, Roger H"]
[Black "Lentzos, Ioanis"]
[Result "1/2-1/2"]
[WhiteElo "2151"]
[BlackElo "2038"]
[WhiteFideId "407062"]
[BlackFideId "4255470"]
[EventDate "2017.07.29"]

1. c4 c5 2. g3 Nc6 3. Bg2 g6 4. e3 Bg7 5. Ne2 Nf6 6. Nbc3 e6 7. d4 cxd4 8. exd4
d5 9. cxd5 Nxd5 10. Nxd5 exd5 11. Be3 O-O 12. Qd2 Bf5 13. Nc3 Be6 14. O-O Re8
15. Rfd1 Rc8 16. Rac1 Qd7 17. Qc2 Na5 18. Qa4 Qxa4 19. Nxa4 Rxc1 20. Rxc1 Nc4
21. Nc3 Nxe3 22. fxe3 Rc8 23. Kf2 Kf8 24. Ke2 Ke7 25. Kd2 Bh6 26. Bf3 a6 27. Ne2
Rxc1 28. Nxc1 Kd6 29. Nd3 Bg7 30. Nc5 Bc8 31. Be2 f5 32. Kc3 Bh6 33. Kd2 Bg7 34.
a3 a5 35. Bb5 b6 36. Na4 Kc7 37. Be8 Be6 38. Nc3 Kd6 39. Bb5 Bf6 40. Ba6 Bd7 41.
Be2 Bd8 42. Bf3 Bc6 43. Ke1 Bc7 44. Be2 Ke6 45. Kf2 g5 46. Kf3 Be8 47. Ba6 Bc6
48. Bd3 h6 49. Ba6 Bd8 50. h3 Bc7 51. Bd3 h5 52. Kf2 f4 53. exf4 gxf4 54. g4
hxg4 55. hxg4 Kf6 56. Kf3 Kg5 57. Bb5 Bb7 58. Bd7 Bd8 59. Be6 Bf6 60. Bxd5 Bxd5+
61. Nxd5 Bxd4 62. b3 b5 63. Nxf4 Kf6 64. Ke4 Bb2 65. a4 bxa4 66. bxa4 Kg5 67.
Kf3 Kf6 68. Nd3 Bc3 69. Kf4 Bd2+ 70. Ke4 Kg5 71. Kf3 Kf6 72. Nb2 Bc3 73. Nc4 Kg5
74. Nd6 Bb2 75. Ne4+ Kg6 76. Kf4 Bd4 77. Nd6 Bb6 78. Ne4 Bd4 79. Nd2 Bc3 80. Nc4
Kf6 81. Ne3 Bd2 82. Kf3 Kg5 83. Nd5 Bc1 84. Nc3 Bb2 85. Ne4+ Kg6 86. Kf4 Bd4 87.
Nd2 Bc3 88. Nf3 Bb2 89. Nh4+ Kf6 90. g5+ Ke6 91. Ke4 Kd6 92. Nf3 Bh8 93. Nd4 Kc5
94. Nb3+ Kb4 95. Nxa5 1/2-1/2

[Event "104th ch-GBR 2017"]
[Site "Llandudno WLS"]
[Date "2017.08.02"]
[Round "5.40"]
[White "Wall, Tim P"]
[Black "Zhu, Richard"]
[Result "1/2-1/2"]
[WhiteTitle "FM"]
[WhiteElo "2242"]
[BlackElo "2036"]
[WhiteFideId "401641"]
[BlackFideId "426377"]
[EventDate "2017.07.29"]

1. d4 e6 2. Nf3 Nf6 3. Bf4 c5 4. e3 b6 5. c3 Bb7 6. Bd3 Be7 7. h3 d6 8. Nbd2 O-O
9. O-O cxd4 10. cxd4 Nc6 11. Bh2 Rc8 12. a3 Rc7 13. Qe2 Qa8 14. e4 Rd8 15. Rfe1
h6 16. Rad1 a6 17. Bb1 b5 18. Nb3 Nb8 19. Na5 Nh7 20. Bf4 Nd7 21. Qe3 Ndf8 22.
Qb3 Nf6 23. Nxb7 Qxb7 24. Bd2 Rdc8 25. Ba5 Rc6 26. e5 Nd5 27. Be4 Rc4 28. Bb4
Qc7 29. exd6 Bxd6 30. Bxd6 Qxd6 31. Ne5 R4c7 32. Qf3 Nf6 33. Bb1 N8d7 34. Ba2
Nb6 35. Bb3 Nbd5 36. Qg3 a5 37. Qd3 a4 38. Ba2 b4 39. axb4 Nxb4 40. Qa3 Qb6 41.
Bb1 Nc2 42. Bxc2 Rxc2 43. Qxa4 Rxb2 44. Nc4 Rxc4 45. Qxc4 Rb4 46. Qc5 Nd5 47.
Qxb6 Rxb6 48. Rb1 Rd6 49. g3 Rd7 50. Kg2 Ne7 51. Rbd1 g6 52. Kf3 Kg7 53. Ke4 Kf6
54. Rc1 Nf5 55. Red1 Nd6+ 56. Kf3 Nf5 57. Rc4 g5 58. g4 Ne7 59. Ke4 Nd5 60. Rd3
Kg6 61. Rc5 Nf6+ 62. Kf3 h5 63. Ra5 h4 64. Rb5 Nd5 65. Ke4 Nf4 66. Rf3 Ne2 67.
d5 exd5+ 68. Rxd5 Re7+ 69. Re5 Ra7 70. Rff5 f6 71. Re6 Rf7 72. Ke3 Nf4 73. Rxf4
gxf4+ 74. Kxf4 Ra7 75. Re8 Ra4+ 76. Re4 Ra2 77. Kf3 Ra3+ 78. Re3 Ra5 79. Re8
Ra3+ 80. Kg2 Kg7 81. Re3 Ra5 82. f4 Ra2+ 83. Kf3 Rh2 84. Ke4 Kg6 85. Rf3 Rg2 86.
Rd3 Re2+ 87. Kd5 Rf2 88. f5+ Kg5 89. Ke6 Ra2 90. Rd7 Ra6+ 91. Kf7 Ra3 92. Rd8
Ra7+ 93. Ke6 Ra6+ 94. Rd6 Ra3 95. Kf7 Ra7+ 96. Ke6 Ra3 97. Rd8 Ra6+ 1/2-1/2

[Event "104th ch-GBR 2017"]
[Site "Llandudno WLS"]
[Date "2017.08.02"]
[Round "5.41"]
[White "Burrows, Martin P"]
[Black "Hewson, Brian W R"]
[Result "1-0"]
[WhiteElo "2115"]
[BlackElo "2023"]
[WhiteFideId "409057"]
[BlackFideId "437484"]
[EventDate "2017.07.29"]

1. e4 c6 2. d4 d5 3. e5 Bf5 4. Nf3 e6 5. Be2 c5 6. Be3 Nc6 7. dxc5 Bg4 8. Nbd2
Nge7 9. c3 Ng6 10. Qa4 Bxf3 11. Nxf3 Be7 12. Bb5 O-O 13. Bxc6 bxc6 14. O-O Qc7
15. Bd4 a5 16. Qc2 Rfb8 17. Rfb1 a4 18. b4 Qa7 19. Re1 Qa6 20. g3 Nf8 21. Qd2
Rb7 22. Rad1 Qc4 23. Qe2 Qxe2 24. Rxe2 Nd7 25. a3 Nb8 26. c4 Na6 27. cxd5 exd5
28. e6 f6 29. Ba1 Nc7 30. Nd4 Ra6 31. f4 Nb5 32. Nxb5 Rxb5 33. f5 Ra8 34. Bd4
Rb7 35. Kg2 Re8 36. Kf3 Bd8 37. g4 h6 38. h4 Rf8 39. Be3 Re8 40. Rh1 Kh7 41. Bf4
Bc7 42. Bd6 Bd8 43. e7 Bc7 44. g5 1-0

[Event "104th ch-GBR 2017"]
[Site "Llandudno WLS"]
[Date "2017.08.02"]
[Round "5.42"]
[White "Ahluwalia, Amardip"]
[Black "Longson, Sarah N"]
[Result "0-1"]
[BlackTitle "WFM"]
[WhiteElo "1995"]
[BlackElo "2074"]
[WhiteFideId "437085"]
[BlackFideId "2501465"]
[EventDate "2017.07.29"]

1. c4 e6 2. g3 d5 3. Bg2 dxc4 4. Qa4+ Nd7 5. Qxc4 a6 6. Qc2 c5 7. Nf3 Ngf6 8.
O-O b5 9. d3 Bb7 10. Nc3 Be7 11. b3 O-O 12. Bb2 Qb6 13. e4 Rfd8 14. Rad1 Rac8
15. Ne1 Nb8 16. Qb1 Nc6 17. Ba1 Rd7 18. h3 Rcd8 19. Kh2 Qa5 20. f4 Nb4 21. Rf2
Qc7 22. a3 Nc6 23. Rc1 Qb6 24. Rf1 Nd4 25. Rd1 b4 26. Na4 Qb5 27. axb4 Qxb4 28.
Bxd4 cxd4 29. Nf3 Rc7 30. Rc1 Rdc8 31. Rxc7 Rxc7 32. Qb2 a5 33. Nxd4 Rd7 34. Nc2
Qd2 35. Rf3 Nxe4 36. dxe4 Bxe4 37. Nb6 Bxf3 0-1

[Event "104th ch-GBR 2017"]
[Site "Llandudno WLS"]
[Date "2017.08.02"]
[Round "5.43"]
[White "Verma, Aditya"]
[Black "Moore, Geoffrey R"]
[Result "1/2-1/2"]
[WhiteElo "2071"]
[BlackElo "2023"]
[WhiteFideId "426202"]
[BlackFideId "446181"]
[EventDate "2017.07.29"]

1. e4 e6 2. d4 d5 3. Nc3 Nf6 4. Bg5 Bb4 5. e5 h6 6. Bd2 Bxc3 7. bxc3 Ne4 8. Bd3
Nxd2 9. Qxd2 c5 10. f4 c4 11. Be2 Qa5 12. Bf3 Nd7 13. Ne2 Nb6 14. O-O Bd7 15. g3
g6 16. Bg2 O-O-O 17. Rfb1 Qa3 18. Qc1 Qxc1+ 19. Rxc1 Na4 20. Kf2 b5 1/2-1/2

[Event "104th ch-GBR 2017"]
[Site "Llandudno WLS"]
[Date "2017.08.02"]
[Round "5.44"]
[White "Waddington, Mike P"]
[Black "Haridas, Girinath"]
[Result "1-0"]
[WhiteTitle "FM"]
[WhiteElo "2070"]
[BlackElo "1977"]
[WhiteFideId "410497"]
[BlackFideId "427144"]
[EventDate "2017.07.29"]

1. c4 g6 2. Nc3 Bg7 3. g3 Nf6 4. Bg2 O-O 5. Rb1 a5 6. a3 c6 7. e4 d6 8. Nge2 e5
9. d4 Be6 10. d5 cxd5 11. cxd5 Bd7 12. b4 Na6 13. O-O Qe8 14. Qd3 axb4 15. axb4
Nc7 16. f3 Nb5 17. Rb3 Nh5 18. Be3 f5 19. Bf2 Nf6 20. Qd2 fxe4 21. Nxe4 Nxe4 22.
fxe4 Qe7 23. Rbb1 Ra6 24. Be3 Rfa8 25. Bg5 Qe8 26. Rbc1 Ra2 27. Rc2 Ra1 28. Be3
Qd8 29. h3 Rxf1+ 30. Bxf1 Ra3 31. Kg2 Qa8 32. Ng1 Bf8 33. Nf3 Qa4 34. Rb2 Ra1
35. Be2 Ra3 36. g4 Rb3 37. Rxb3 Qxb3 38. Bd3 Qc3 39. Qxc3 Nxc3 40. Nd2 Kf7 41.
Nc4 Be7 42. Bb6 Ke8 43. Na5 Bc8 44. Kf3 Bd8 45. Be3 Kf7 46. Bc4 Kf8 47. Bd2 Na4
48. Bb5 Nb6 49. Be3 Kf7 50. h4 Kf8 51. g5 Kf7 52. Kg3 Kf8 53. Be2 Ke7 54. Bg4
Nd7 55. Nc4 Bc7 56. b5 Bb8 57. b6 Kd8 58. Bc1 Nc5 59. Bf3 Kd7 60. Ba3 Kd8 61.
Kf2 Ke8 62. Ke3 Bd7 63. Nxe5 dxe5 64. Bxc5 Bh3 65. Be2 Bd7 66. Bc4 Ba4 67. d6
Kd7 68. Bg8 Bxd6 69. Bxd6 Kxd6 70. Bxh7 Be8 71. h5 Ke7 72. Bxg6 1-0

[Event "104th ch-GBR 2017"]
[Site "Llandudno WLS"]
[Date "2017.08.02"]
[Round "5.45"]
[White "Byron, Alan M"]
[Black "Ashworth, Michael"]
[Result "1/2-1/2"]
[WhiteElo "2064"]
[BlackElo "1946"]
[WhiteFideId "401773"]
[BlackFideId "425044"]
[EventDate "2017.07.29"]

1. e4 c5 2. Nf3 g6 3. c4 Nc6 4. d4 cxd4 5. Nxd4 Nf6 6. Nc3 d6 7. Be2 Nxd4 8.
Qxd4 Bg7 9. Be3 O-O 10. Qd2 a5 11. O-O a4 12. Rac1 Qa5 13. Rfd1 Be6 14. f3 Rfc8
15. Nd5 Qxd2 16. Rxd2 Nxd5 17. exd5 Bd7 18. g4 b5 19. c5 dxc5 20. Rxc5 Be5 21.
Kg2 Bd6 22. Rxc8+ Rxc8 23. Bd3 b4 24. Rc2 Rxc2+ 25. Bxc2 Bb5 26. b3 axb3 27.
Bxb3 Kf8 28. h3 Ke8 29. Kf2 Kd7 30. Bd4 Bf4 31. Bc5 Bd6 32. Bd4 Bf4 33. Bc5 Bd6
34. Bd4 1/2-1/2

[Event "104th ch-GBR 2017"]
[Site "Llandudno WLS"]
[Date "2017.08.02"]
[Round "5.46"]
[White "Jayawarna, Nugith"]
[Black "Cole, James"]
[Result "1/2-1/2"]
[WhiteElo "2054"]
[BlackElo "1950"]
[WhiteFideId "434884"]
[BlackFideId "431818"]
[EventDate "2017.07.29"]

1. c4 c5 2. g3 Nf6 3. Bg2 d5 4. cxd5 Nxd5 5. Nc3 Nc7 6. d3 e5 7. Nf3 Nc6 8. O-O
Be7 9. a3 Be6 10. Bd2 f6 11. Rc1 O-O 12. Na4 Na6 13. Be3 Qa5 14. Nd2 Rad8 15.
Qc2 Nd4 16. Bxd4 Rxd4 17. Nc3 Rd7 18. Nc4 Qd8 19. Qa4 Qb8 20. Qb5 Nc7 21. Qxb7
Qxb7 22. Bxb7 Rb8 23. Bc6 Rd4 24. Na4 Bf7 25. f4 exf4 26. Rxf4 Rxf4 27. gxf4 Ne6
28. e3 Rd8 29. Be4 g6 30. Rc3 f5 31. Bc6 g5 32. fxg5 Bxg5 33. b4 cxb4 34. axb4
f4 35. Kf2 Bf6 36. Ra3 fxe3+ 37. Nxe3 Be7 38. Nc2 Nd4 39. Nxd4 Rxd4 40. Ra1 1/2-1/2